000 00411cam a2200181 4500
001 D2444
008 090401t1984 xxu||||| |||| 00| 0 eng d
035 _a(Sirsi) u69140
041 _aeng
050 _a692.8
100 _aClamp, Hugh
245 4 _aThe shorter forms of building contract
260 _aLondon
_bGranada
_c1984
300 _a169p. 24cm
350 _a15
942 _n0
948 _c04/03/1997
999 _c95158
_d95158